[Event "Mid Bohemia Region-chT 2223"]
[Site "Czech Republic"]
[Date "2023.01.29"]
[Round "7.2"]
[White "Moravec, Vit"]
[Black "Pychova, Nela"]
[Result "1-0"]
[WhiteElo "2181"]
[BlackElo "2107"]
[PlyCount "125"]
[EventDate "2022.10.09"]
[EventType "team-tourn"]
[EventRounds "11"]
[EventCountry "CZE"]
[SourceTitle "EXT 2024"]
[Source "ChessBase"]
[SourceDate "2023.10.10"]
[SourceVersion "1"]
[SourceVersionDate "2023.10.10"]
[SourceQuality "1"]
[WhiteTeam "Cesky Brod"]
[BlackTeam "Vlasim II"]
[WhiteTeamCountry "CZE"]
[BlackTeamCountry "CZE"]

1. d4 Nf6 2. c4 e6 3. Nc3 Bb4 4. Qc2 0-0 5. Nf3 d5 6. cxd5 exd5 7. Bf4 c6 8. e3 Nbd7 9. Bd3 Re8 10. 0-0 Nf8 11. a3 Bxc3 12. bxc3 Ng6 13. Bg3 Ne4 14. Nd2 Nxd2 15. Qxd2 Qf6 16. Qc2 b6 17. e4 dxe4 18. Bxe4 Bd7 19. a4 Rac8 20. a5 Be6 21. axb6 axb6 22. Rfb1 Bd5 23. Bf5 Be6 24. Bxg6 Qxg6 25. Qxg6 hxg6 26. Rxb6 c5 27. Be5 cxd4 28. Bxd4 Bc4 29. Rb2 Re7 30. h3 Bd5 31. Rab1 Bc4 32. Rb8 Ree8 33. Rxc8 Rxc8 34. Rb4 Bd3 35. h4 Bc4 36. Kh2 Be6 37. Kg3 Rc4 38. Kf4 Rxb4 39. cxb4 f6 40. Ke4 Kf7 41. Bc5 Bb3 42. Kd4 Ke6 43. Bf8 Bd5 44. g3 Bg2 45. Bxg7 f5 46. Be5 Bf1 47. Bf4 Bg2 48. Bc7 Bf3 49. b5 Bg2 50. b6 Bb7 51. Ke3 Kf6 52. Kf4 Bc6 53. Bd8+ Ke6 54. Kg5 Kf7 55. h5 gxh5 56. Kxf5 Bf3 57. Bh4 Bb7 58. Ke5 Kg6 59. Kd6 Kf5 60. Kc7 Bf3 61. b7 Bxb7 62. Kxb7 Kg4 63. f4 1-0

[Event "Liberec op 20th"]
[Site "Liberec"]
[Date "2020.02.27"]
[Round "7"]
[White "Kucera, Petr"]
[Black "Moravec, Vit"]
[Result "1-0"]
[WhiteElo "2203"]
[BlackElo "2222"]
[PlyCount "47"]
[EventDate "2020.02.22"]
[EventType "swiss"]
[EventRounds "9"]
[EventCountry "CZE"]
[SourceTitle "CBM 195 Extra"]
[Source "ChessBase"]
[SourceDate "2020.05.31"]
[SourceVersion "1"]
[SourceVersionDate "2020.05.31"]
[SourceQuality "1"]

1. d4 d5 2. Nf3 Nf6 3. c4 dxc4 4. Nc3 e6 5. e3 c5 6. Bxc4 Nc6 7. 0-0 cxd4 8. exd4 Be7 9. a3 0-0 10. Be3 Bd7 11. Rc1 Na5 12. Ba2 Bc6 13. b4 Bxf3 14. Qxf3 Nc6 15. Rfd1 Bd6 16. d5 Ne5 17. Qh3 Nxd5 18. Nxd5 exd5 19. Rxd5 Qe7 20. Rcd1 Rfd8 21. Bb1 Ng6 22. Bg5 f6 23. Be3 Bc7 24. Ba2 1-0

[Event "Liberec op 20th"]
[Site "Liberec"]
[Date "2020.02.24"]
[Round "3"]
[White "Dalecky, Bretislav"]
[Black "Moravec, Vit"]
[Result "1/2-1/2"]
[WhiteElo "2060"]
[BlackElo "2222"]
[PlyCount "123"]
[EventDate "2020.02.22"]
[EventType "swiss"]
[EventRounds "9"]
[EventCountry "CZE"]
[SourceTitle "CBM 195 Extra"]
[Source "ChessBase"]
[SourceDate "2020.05.31"]
[SourceVersion "1"]
[SourceVersionDate "2020.05.31"]
[SourceQuality "1"]

1. e4 e5 2. Nf3 Nc6 3. Bb5 a6 4. Ba4 Nf6 5. 0-0 Be7 6. Re1 b5 7. Bb3 d6 8. c3 0-0 9. h3 Nb8 10. d4 Nbd7 11. Nbd2 Bb7 12. Bc2 Re8 13. Nf1 Bf8 14. Ng3 g6 15. Bd2 Bg7 16. Qc1 Qe7 17. Bh6 Qf8 18. Bxg7 Qxg7 19. Qd2 c5 20. a4 c4 21. dxe5 dxe5 22. Qe3 Qf8 23. Rad1 h6 24. Rd2 Nc5 25. Red1 Rac8 26. axb5 axb5 27. Nh4 Kh7 28. f4 exf4 29. Qxf4 Nfxe4 30. Rd7 Nxd7 31. Rxd7 Qc5+ 32. Kh2 Re7 33. Rxb7 Nxg3 34. Rxe7 Qxe7 35. Qxg3 Qc7 36. Nf3 Qxg3+ 37. Kxg3 Ra8 38. Nd4 Ra5 39. Kf3 Kg7 40. Ke3 Ra2 41. Kd2 Rxb2 42. Kc1 Ra2 43. Nxb5 Ra5 44. Nd6 Rc5 45. Be4 Kf6 46. Bf3 Ke6 47. Ne4 Rc7 48. Kd2 f5 49. Ng3 Ke5 50. Nf1 Rd7+ 51. Kc2 Kf4 52. Bc6 Rc7 53. g3+ Ke5 54. Bf3 f4 55. gxf4+ Kxf4 56. Be2 g5 57. Nd2 Kg3 58. Bf1 h5 59. Nxc4 Kf2 60. Nd2 g4 61. hxg4 hxg4 62. Bd3 1/2-1/2

[Event "Liberec op 20th"]
[Site "Liberec"]
[Date "2020.02.23"]
[Round "2"]
[White "Moravec, Vit"]
[Black "Lu, Miaoyi"]
[Result "1/2-1/2"]
[WhiteElo "2222"]
[BlackElo "1824"]
[PlyCount "93"]
[EventDate "2020.02.22"]
[EventType "swiss"]
[EventRounds "9"]
[EventCountry "CZE"]
[SourceTitle "CBM 195 Extra"]
[Source "ChessBase"]
[SourceDate "2020.05.31"]
[SourceVersion "1"]
[SourceVersionDate "2020.05.31"]
[SourceQuality "1"]

1. d4 d5 2. c4 dxc4 3. Nf3 a6 4. a4 Nf6 5. e3 Bg4 6. Bxc4 e6 7. 0-0 Nc6 8. Nbd2 Bd6 9. Be2 0-0 10. Nc4 Qe7 11. h3 Bh5 12. Nfe5 Bxe2 13. Nxc6 Bxd1 14. Nxe7+ Bxe7 15. Rxd1 c5 16. dxc5 Bxc5 17. Bd2 Rac8 18. Rac1 Rfd8 19. Ba5 Rxd1+ 20. Rxd1 Nd5 21. e4 Nf6 22. e5 Ne4 23. Be1 Kf8 24. b3 Ke7 25. Kf1 f6 26. f3 Ng5 27. Ke2 Nf7 28. f4 Rd8 29. Rxd8 Kxd8 30. Bc3 f5 31. g4 g6 32. g5 Kc7 33. Kd3 b5 34. Ba5+ Kc6 35. axb5+ axb5 36. Nb2 Kd5 37. Nd1 Be7 38. Ne3+ Kc6 39. Nc2 Bc5 40. Nd4+ Bxd4 41. Kxd4 Nh8 42. Bb4 Nf7 43. Be7 Kd7 44. Bf6 Kc6 45. Be7 Kd7 46. Bf6 Kc6 47. Be7 1/2-1/2

[Event "CZE-chT2A 1819"]
[Site "Czech Republic"]
[Date "2018.11.04"]
[Round "2.3"]
[White "Moravec, Vit"]
[Black "Borkovec, Milan"]
[Result "1/2-1/2"]
[WhiteElo "2183"]
[BlackElo "2247"]
[PlyCount "57"]
[EventDate "2018.10.14"]
[EventType "team-tourn"]
[EventRounds "11"]
[EventCountry "CZE"]
[SourceTitle "EXT 2022"]
[Source "ChessBase"]
[SourceDate "2021.10.06"]
[SourceVersion "1"]
[SourceVersionDate "2021.10.06"]
[SourceQuality "1"]
[WhiteTeam "Vlasim"]
[BlackTeam "Tabor"]
[WhiteTeamCountry "CZE"]
[BlackTeamCountry "CZE"]

1. e4 e5 2. f4 exf4 3. Nf3 Nf6 4. e5 Nh5 5. Be2 d6 6. 0-0 g6 7. d4 Bg7 8. exd6 Qxd6 9. Ne5 Bxe5 10. dxe5 Qxd1 11. Rxd1 Nc6 12. Bxh5 gxh5 13. Bxf4 Bf5 14. Nc3 Nb4 15. a3 Nxc2 16. Nd5 Rc8 17. Rac1 h6 18. Rd2 h4 19. Rcxc2 Bxc2 20. Rxc2 Kd7 21. Nxc7 Rhg8 22. Rc3 Rg4 23. g3 hxg3 24. e6+ fxe6 25. Rd3+ Kc6 26. Rc3+ Kd7 27. Rd3+ Kc6 28. Rc3+ Kd7 29. Rd3+ 1/2-1/2

[Event "Liberec op 18th"]
[Site "Liberec"]
[Date "2018.02.26"]
[Round "3"]
[White "Moravec, Vit"]
[Black "Bradac, Daniel"]
[Result "1/2-1/2"]
[WhiteElo "2211"]
[BlackElo "2011"]
[PlyCount "51"]
[EventDate "2018.02.24"]
[EventType "swiss"]
[EventRounds "9"]
[EventCountry "CZE"]
[SourceTitle "CBM 183 Extra"]
[Source "ChessBase"]
[SourceDate "2018.04.19"]
[SourceVersion "1"]
[SourceVersionDate "2018.04.19"]
[SourceQuality "1"]

1. e4 d5 2. exd5 Qxd5 3. Nc3 Qd8 4. d4 Bf5 5. Bc4 Nf6 6. Nf3 e6 7. Bg5 Be7 8. Qe2 c6 9. Rd1 Nbd7 10. Ne5 0-0 11. 0-0 Nd5 12. Bxe7 Qxe7 13. Ne4 Nxe5 14. dxe5 Bxe4 15. Qxe4 Rad8 16. Rd3 g6 17. Rfd1 Nb4 18. Rd6 Nd5 19. Rxd8 Rxd8 20. Bxd5 Rxd5 21. Rxd5 cxd5 22. Qf4 Qc5 23. Qf6 Qxc2 24. Qd8+ Kg7 25. Qf6+ Kg8 26. Qd8+ 1/2-1/2

[Event "Liberec op 18th"]
[Site "Liberec"]
[Date "2018.02.24"]
[Round "1"]
[White "Moravec, Vit"]
[Black "Hruby, Vaclav"]
[Result "1-0"]
[WhiteElo "2211"]
[BlackElo "1662"]
[PlyCount "39"]
[EventDate "2018.02.24"]
[EventType "swiss"]
[EventRounds "9"]
[EventCountry "CZE"]
[SourceTitle "CBM 183 Extra"]
[Source "ChessBase"]
[SourceDate "2018.04.19"]
[SourceVersion "1"]
[SourceVersionDate "2018.04.19"]
[SourceQuality "1"]

1. e4 e5 2. f4 exf4 3. Nf3 Nf6 4. e5 Nh5 5. Be2 g6 6. 0-0 d6 7. d4 dxe5 8. Nxe5 Ng7 9. Bxf4 Be6 10. c4 c6 11. Nc3 Nd7 12. d5 cxd5 13. cxd5 Bf5 14. Kh1 Nxe5 15. Bxe5 Rg8 16. Bb5+ Bd7 17. Bf6 Be7 18. Re1 Ne6 19. Bxe7 Qxe7 20. dxe6 1-0

[Event "CZE-chT2C 1718"]
[Site "Czech Republic"]
[Date "2017.12.17"]
[Round "5.2"]
[White "Skoda, Martin"]
[Black "Moravec, Vit"]
[Result "1-0"]
[WhiteElo "2126"]
[BlackElo "2218"]
[PlyCount "109"]
[EventDate "2017.10.15"]
[EventType "team-tourn"]
[EventRounds "11"]
[EventCountry "CZE"]
[SourceTitle "EXT 2022"]
[Source "ChessBase"]
[SourceDate "2021.10.06"]
[SourceVersion "1"]
[SourceVersionDate "2021.10.06"]
[SourceQuality "1"]
[WhiteTeam "Jihlava Gambit"]
[BlackTeam "Kutna Hora"]
[WhiteTeamCountry "CZE"]
[BlackTeamCountry "CZE"]

1. e4 c5 2. Nf3 Nc6 3. Bb5 e6 4. 0-0 Nge7 5. Re1 a6 6. Bf1 d5 7. d3 dxe4 8. dxe4 Qxd1 9. Rxd1 Ng6 10. Be3 Bd7 11. Nc3 Nce5 12. Nxe5 Nxe5 13. Be2 Bc6 14. a4 Be7 15. f4 Nd7 16. Bf3 0-0-0 17. Kf2 Nb6 18. b3 Rxd1 19. Rxd1 Rd8 20. Rxd8+ Kxd8 21. Ne2 Nd7 22. e5 Bxf3 23. Kxf3 c4 24. bxc4 Kc7 25. Nc1 Kc6 26. Nb3 Bc5 27. a5 Bb4 28. Ke2 Nc5 29. Bd2 Bxd2 30. Kxd2 Nd7 31. Kc3 g5 32. Nd4+ Kc5 33. f5 exf5 34. e6 fxe6 35. Nxe6+ Kd6 36. Nxg5 Ke5 37. Nxh7 f4 38. Ng5 Nf8 39. Nf7+ Ke4 40. Nd6+ Ke3 41. h4 Kf2 42. h5 Nd7 43. Ne4+ Kxg2 44. h6 Nf8 45. Kd4 Nh7 46. Nc5 f3 47. Nd3 f2 48. Nxf2 Kxf2 49. Kc5 Ke3 50. Kb6 Kd4 51. c5 Nf8 52. c6 bxc6 53. Kxa6 Ke5 54. Kb7 Kf6 55. a6 1-0

[Event "CZE-chT2C 1718"]
[Site "Czech Republic"]
[Date "2017.10.15"]
[Round "1.2"]
[White "Moravec, Vit"]
[Black "Zeman, Matyas"]
[Result "1/2-1/2"]
[WhiteElo "2218"]
[BlackElo "2227"]
[PlyCount "43"]
[EventDate "2017.10.15"]
[EventType "team-tourn"]
[EventRounds "11"]
[EventCountry "CZE"]
[SourceTitle "EXT 2022"]
[Source "ChessBase"]
[SourceDate "2021.10.06"]
[SourceVersion "1"]
[SourceVersionDate "2021.10.06"]
[SourceQuality "1"]
[WhiteTeam "Kutna Hora"]
[BlackTeam "Tabor"]
[WhiteTeamCountry "CZE"]
[BlackTeamCountry "CZE"]

1. d4 Nf6 2. c4 g6 3. Nc3 d5 4. Bf4 Bg7 5. Rc1 c6 6. e3 0-0 7. h3 Be6 8. b3 Qa5 9. Qd2 Nbd7 10. cxd5 Nxd5 11. Nxd5 Qxd2+ 12. Kxd2 Bxd5 13. Nf3 Rad8 14. Be2 e5 15. dxe5 Bxf3 16. gxf3 Nxe5+ 17. Kc2 Rd7 18. Rhd1 Rfd8 19. Rxd7 Rxd7 20. Rd1 Rxd1 21. Bxd1 Kf8 22. Bxe5 1/2-1/2

[Event "Pardubice Czech op-A 28th"]
[Site "Pardubice"]
[Date "2017.07.21"]
[Round "1"]
[White "Carlsson, Pontus"]
[Black "Moravec, Vit"]
[Result "1/2-1/2"]
[WhiteElo "2453"]
[BlackElo "2216"]
[PlyCount "81"]
[EventDate "2017.07.21"]
[EventType "swiss"]
[EventRounds "9"]
[EventCountry "CZE"]
[SourceTitle "CBM 179 Extra"]
[Source "ChessBase"]
[SourceDate "2017.08.23"]
[SourceVersion "1"]
[SourceVersionDate "2017.08.23"]
[SourceQuality "1"]

1. e4 c5 2. Nf3 Nc6 3. Bb5 e6 4. Bxc6 bxc6 5. d3 Ne7 6. 0-0 f6 7. Nh4 g6 8. f4 Bg7 9. c4 0-0 10. Nc3 d6 11. Qe2 Qc7 12. Be3 Bd7 13. Qd2 Rae8 14. Nf3 e5 15. fxe5 fxe5 16. h3 Nc8 17. Rf2 Be6 18. Raf1 Qd7 19. Ne2 Rf7 20. Ng3 Ref8 21. Bh6 Qe7 22. Qe3 Bxh6 23. Qxh6 Rf4 24. Ng5 Rxf2 25. Rxf2 Rxf2 26. Kxf2 Bd7 27. Nf3 Nb6 28. Kg1 Qf8 29. Qxf8+ Kxf8 30. b3 Na8 31. Kf2 Nc7 32. Ne2 Ne6 33. a3 a5 34. h4 h6 35. g3 Kf7 36. Ke1 Kf6 37. Kd2 Nd4 38. Nexd4 exd4 39. Ke1 Bg4 40. Nh2 Be6 41. Nf3 1/2-1/2

[Event "CZE-chT2C 1617"]
[Site "Czech Republic"]
[Date "2017.02.12"]
[Round "8.1"]
[White "Moravec, Vit"]
[Black "Stastny, Jan"]
[Result "1/2-1/2"]
[WhiteElo "2211"]
[BlackElo "2224"]
[PlyCount "34"]
[EventDate "2016.10.09"]
[EventType "team-tourn"]
[EventRounds "11"]
[EventCountry "CZE"]
[SourceTitle "EXT 2022"]
[Source "ChessBase"]
[SourceDate "2021.10.06"]
[SourceVersion "1"]
[SourceVersionDate "2021.10.06"]
[SourceQuality "1"]
[WhiteTeam "Kutna Hora"]
[BlackTeam "Ricany"]
[WhiteTeamCountry "CZE"]
[BlackTeamCountry "CZE"]

1. d4 Nf6 2. Nf3 c5 3. dxc5 e6 4. c4 Na6 5. Nc3 Nxc5 6. g3 b6 7. Bg2 Bb7 8. 0-0 Be7 9. Bf4 0-0 10. Bd6 Nce4 11. Nxe4 Nxe4 12. Bxe7 Qxe7 13. Nd2 d5 14. cxd5 exd5 15. Nxe4 dxe4 16. Qb3 Rfd8 17. Rfd1 h6 1/2-1/2

[Event "CZE-chT2C 1617"]
[Site "Czech Republic"]
[Date "2016.11.13"]
[Round "3.2"]
[White "Srba, Milan"]
[Black "Moravec, Vit"]
[Result "0-1"]
[WhiteElo "2205"]
[BlackElo "2211"]
[PlyCount "108"]
[EventDate "2016.10.09"]
[EventType "team-tourn"]
[EventRounds "11"]
[EventCountry "CZE"]
[SourceTitle "EXT 2022"]
[Source "ChessBase"]
[SourceDate "2021.10.06"]
[SourceVersion "1"]
[SourceVersionDate "2021.10.06"]
[SourceQuality "1"]
[WhiteTeam "Praha Vrsovice"]
[BlackTeam "Kutna Hora"]
[WhiteTeamCountry "CZE"]
[BlackTeamCountry "CZE"]

1. e4 c5 2. Nc3 Nc6 3. Nf3 g6 4. Bb5 Bg7 5. 0-0 d6 6. Bxc6+ bxc6 7. h3 e5 8. Re1 Ne7 9. Na4 0-0 10. c3 Rb8 11. b3 f5 12. d4 cxd4 13. cxd4 fxe4 14. Rxe4 Bf5 15. Re1 e4 16. Ng5 Nd5 17. Nxe4 Bxe4 18. Rxe4 Qf6 19. f3 Rbe8 20. Bb2 Rxe4 21. fxe4 Qf2+ 22. Kh1 Ne3 23. Qg1 Qg3 24. Qh2 Qh4 25. Rg1 Bh6 26. Qxd6 Bf4 27. Qe6+ Kg7 28. d5+ Kh6 29. g3 Bxg3 30. Bc1 Bf4 31. Bxe3 Bxe3 32. Qg4 Qf2 33. Rd1 cxd5 34. exd5 Rf4 35. Qg2 Qh4 36. d6 Rd4 37. Rxd4 Qxd4 38. Nb2 Qxd6 39. Qe2 Qg3 40. Nc4 Qxh3+ 41. Qh2 Qxh2+ 42. Kxh2 Bf4+ 43. Kg2 Kg5 44. b4 Kf5 45. b5 g5 46. a4 g4 47. a5 h5 48. a6 Bb8 49. b6 axb6 50. Nxb6 h4 51. Nd5 h3+ 52. Kh1 g3 53. Ne7+ Kg4 54. Nc6 g2+ 0-1

[Event "CZE-chT2C 1617"]
[Site "Czech Republic"]
[Date "2016.10.09"]
[Round "1.2"]
[White "Filipi, Stepan"]
[Black "Moravec, Vit"]
[Result "1-0"]
[WhiteElo "2183"]
[BlackElo "2211"]
[PlyCount "121"]
[EventDate "2016.10.09"]
[EventType "team-tourn"]
[EventRounds "11"]
[EventCountry "CZE"]
[SourceTitle "EXT 2022"]
[Source "ChessBase"]
[SourceDate "2021.10.06"]
[SourceVersion "1"]
[SourceVersionDate "2021.10.06"]
[SourceQuality "1"]
[WhiteTeam "Vysehrad II"]
[BlackTeam "Kutna Hora"]
[WhiteTeamCountry "CZE"]
[BlackTeamCountry "CZE"]

1. e4 c5 2. Nf3 Nc6 3. d4 cxd4 4. Nxd4 g6 5. c4 Bg7 6. Be3 d6 7. Nc3 Nf6 8. Be2 0-0 9. 0-0 Bd7 10. Rc1 Nxd4 11. Bxd4 Bc6 12. Qd3 a5 13. Rfd1 Nd7 14. Bxg7 Kxg7 15. Qd4+ Kg8 16. b3 Qb6 17. Nd5 Bxd5 18. Qxb6 Nxb6 19. cxd5 Nd7 20. Rc7 Nc5 21. Rxe7 Rfe8 22. Rxe8+ Rxe8 23. f3 f5 24. Bb5 Re5 25. exf5 Rxf5 26. Re1 Kf7 27. Bc4 Rf4 28. Kf2 Kf6 29. Ke3 Rh4 30. Rh1 Rh5 31. f4 g5 32. fxg5+ Rxg5 33. Rf1+ Kg6 34. g3 Re5+ 35. Kd4 Re4+ 36. Kc3 Re3+ 37. Kd2 Re5 38. a4 Kg7 39. Re1 Rh5 40. h4 Kf7 41. Re3 Kf6 42. Rf3+ Kg7 43. Rf4 Re5 44. g4 h6 45. Kc3 Re3+ 46. Kc2 Rh3 47. g5 hxg5 48. hxg5 Rg3 49. Rf6 Rg2+ 50. Kd1 Rg1+ 51. Ke2 Rb1 52. Rxd6 Nxb3 53. Rd7+ Kf8 54. g6 Nd4+ 55. Ke3 Nf5+ 56. Kf4 Rb4 57. Kxf5 Rxc4 58. Rxb7 Rxa4 59. g7+ Kg8 60. d6 Rd4 61. d7 1-0

[Event "Prague Summer op-A 3rd"]
[Site "Prague"]
[Date "2016.08.10"]
[Round "7"]
[White "Vichnar, David"]
[Black "Moravec, Vit"]
[Result "1/2-1/2"]
[WhiteElo "2380"]
[BlackElo "2168"]
[PlyCount "83"]
[EventDate "2016.08.05"]
[EventType "swiss"]
[EventRounds "9"]
[EventCountry "CZE"]
[SourceTitle "CBM 173 Extra"]
[Source "ChessBase"]
[SourceDate "2016.08.29"]
[SourceVersion "1"]
[SourceVersionDate "2016.08.29"]
[SourceQuality "1"]

1. d4 Nf6 2. c4 e6 3. g3 d5 4. Bg2 Be7 5. Nf3 0-0 6. 0-0 dxc4 7. Ne5 Qd6 8. Nxc4 Qa6 9. Ne5 Rd8 10. Qc2 c6 11. Rd1 Bd7 12. e4 Be8 13. Nc3 Nbd7 14. Bf1 b5 15. Nxd7 Bxd7 16. Bg5 h6 17. Bxf6 gxf6 18. d5 Qb6 19. d6 Bf8 20. e5 fxe5 21. Ne4 f5 22. Nf6+ Kf7 23. Nxd7 Rxd7 24. g4 e4 25. Bh3 Rxd6 26. gxf5 exf5 27. Bxf5 Rad8 28. Qb3+ Kf6 29. Rxd6+ Rxd6 30. Bxe4 Ke7 31. Bf5 Qd4 32. Re1+ Kd8 33. Qf3 Kc7 34. b3 Rd8 35. Bh3 Qd5 36. Qg3+ Bd6 37. Qg7+ Kb6 38. Bg2 Rg8 39. Bxd5 Rxg7+ 40. Bg2 Re7 41. Rd1 Be5 42. h3 1/2-1/2

[Event "CZE-chT2C 1516"]
[Site "Czech Republic"]
[Date "2016.04.17"]
[Round "11.1"]
[White "Moravec, Vit"]
[Black "Svatos, Jan"]
[Result "0-1"]
[WhiteElo "2193"]
[BlackElo "2264"]
[PlyCount "214"]
[EventDate "2015.10.18"]
[EventType "team-tourn"]
[EventRounds "11"]
[EventCountry "CZE"]
[SourceTitle "EXT 2022"]
[Source "ChessBase"]
[SourceDate "2021.10.06"]
[SourceVersion "1"]
[SourceVersionDate "2021.10.06"]
[SourceQuality "1"]
[WhiteTeam "Kutna Hora"]
[BlackTeam "Praha Vrsovice"]
[WhiteTeamCountry "CZE"]
[BlackTeamCountry "CZE"]

1. e4 c5 2. Nf3 e6 3. d4 cxd4 4. Nxd4 Nc6 5. Nxc6 bxc6 6. Bd3 d5 7. 0-0 Nf6 8. Nc3 Be7 9. Qe2 0-0 10. b3 Nd7 11. Na4 Bf6 12. Rb1 Ne5 13. Ba6 Qa5 14. Bxc8 Raxc8 15. Bd2 Qb5 16. Nc3 Qxe2 17. Nxe2 Rfd8 18. Rfd1 Rd7 19. Ba5 Rb7 20. a4 h5 21. h3 Nd7 22. f4 Be7 23. f5 Bc5+ 24. Kh1 Nf6 25. exd5 cxd5 26. fxe6 fxe6 27. c4 Ne4 28. Be1 dxc4 29. bxc4 Rf7 30. Ng3 Nf2+ 31. Bxf2 Bxf2 32. Ne4 Rf4 33. Nxf2 Rxf2 34. Rdc1 Ra2 35. c5 Rxa4 36. Rb7 Rc6 37. Rc3 h4 38. Kg1 Ra5 39. Kf2 Raxc5 40. Rxc5 Rxc5 41. Rxa7 Rf5+ 42. Ke3 Kh7 43. Ra4 g5 44. Re4 Rf6 45. Ra4 Kg6 46. Ra6 Kf5 47. Ra5+ e5 48. Ra8 Rf7 49. Rb8 Ra7 50. Rf8+ Ke6 51. Re8+ Kd5 52. Rd8+ Ke6 53. Re8+ Kf6 54. Rf8+ Kg6 55. Rg8+ Kh6 56. Re8 Ra3+ 57. Kf2 Ra2+ 58. Kf3 Ra3+ 59. Kf2 Ra5 60. Rg8 Ra2+ 61. Kf1 e4 62. Re8 Ra4 63. Kf2 Ra2+ 64. Kf1 Ra4 65. Rg8 Rb4 66. Kf2 Rb2+ 67. Kf1 e3 68. Re8 Rb1+ 69. Ke2 Rg1 70. Rxe3 Rxg2+ 71. Kf1 Ra2 72. Re6+ Kg7 73. Kg1 Kf7 74. Rb6 Ra3 75. Kg2 Rg3+ 76. Kh2 Re3 77. Kg2 Re2+ 78. Kg1 Re6 79. Rb5 Kf6 80. Kf2 Ra6 81. Rb3 Ra2+ 82. Kf3 Rh2 83. Ke4 Kg6 84. Ra3 Kh5 85. Rb3 Re2+ 86. Kf3 Rh2 87. Ke4 Rf2 88. Ke3 Rf5 89. Ke4 Ra5 90. Kf3 Re5 91. Ra3 Kg6 92. Rb3 Rf5+ 93. Ke4 Rf4+ 94. Ke3 Rf1 95. Rb6+ Kh5 96. Rb3 Rg1 97. Ke4 g4 98. Rb5+ Kg6 99. hxg4 h3 100. Rb2 Kg5 101. Kf3 Kh4 102. Rf2 Rg3+ 103. Ke2 Ra3 104. g5 Kxg5 105. Rf8 h2 106. Rf1 Kg4 107. Kf2 Rf3+ 0-1

[Event "CZE-chT2C 1516"]
[Site "Czech Republic"]
[Date "2016.04.03"]
[Round "10.1"]
[White "Balacek, Tadeas"]
[Black "Moravec, Vit"]
[Result "1/2-1/2"]
[WhiteElo "2307"]
[BlackElo "2193"]
[PlyCount "65"]
[EventDate "2015.10.18"]
[EventType "team-tourn"]
[EventRounds "11"]
[EventCountry "CZE"]
[SourceTitle "EXT 2022"]
[Source "ChessBase"]
[SourceDate "2021.10.06"]
[SourceVersion "1"]
[SourceVersionDate "2021.10.06"]
[SourceQuality "1"]
[WhiteTeam "Lysa nad Labem IV"]
[BlackTeam "Kutna Hora"]
[WhiteTeamCountry "CZE"]
[BlackTeamCountry "CZE"]

1. d4 Nf6 2. c4 e6 3. g3 d5 4. Bg2 dxc4 5. Qa4+ Bd7 6. Qxc4 Bc6 7. Nf3 Bd5 8. Qd3 Be4 9. Qd1 c5 10. Nc3 Bc6 11. 0-0 Nbd7 12. Bg5 Be7 13. dxc5 Bxc5 14. Nd2 Bxg2 15. Kxg2 0-0 16. Nde4 Be7 17. Nxf6+ Nxf6 18. Qxd8 Rfxd8 19. Rfd1 Rxd1 20. Rxd1 Rd8 21. Rxd8+ Bxd8 22. Ne4 Nxe4 23. Bxd8 Kf8 24. Ba5 Ke7 25. Bb4+ Nd6 26. Kf3 Kd7 27. e4 e5 28. Bc3 Ke6 29. b3 g6 30. Ke3 f5 31. exf5+ gxf5 32. f3 Kd5 33. Bb2 1/2-1/2

[Event "Liberec op 16th"]
[Site "Liberec"]
[Date "2016.02.15"]
[Round "4"]
[White "Moravec, Vit"]
[Black "Balinski, Damian"]
[Result "1/2-1/2"]
[WhiteElo "2180"]
[BlackElo "2181"]
[PlyCount "109"]
[EventDate "2016.02.13"]
[EventType "swiss"]
[EventRounds "9"]
[EventCountry "CZE"]
[SourceTitle "CBM 170 Extra"]
[Source "ChessBase"]
[SourceDate "2016.02.25"]
[SourceVersion "1"]
[SourceVersionDate "2016.02.25"]
[SourceQuality "1"]

1. e4 c5 2. Nf3 Nc6 3. Bb5 g6 4. Bxc6 bxc6 5. 0-0 Bg7 6. d3 Nf6 7. h3 0-0 8. Nc3 Rb8 9. Rb1 d6 10. Be3 e5 11. Qd2 Ne8 12. Bh6 f5 13. Bxg7 Nxg7 14. exf5 gxf5 15. Qg5 Rf6 16. b4 Rxb4 17. a3 Rb6 18. Na4 Rxb1 19. Rxb1 Rf8 20. Qxd8 Rxd8 21. Rb8 Rf8 22. Ra8 Bb7 23. Rxa7 Ra8 24. Rxa8+ Bxa8 25. Nb6 Bb7 26. Nc4 Ne8 27. Na5 Ba6 28. Nxc6 Kf7 29. Nd2 Bb5 30. Na5 Ke6 31. Nab3 Nf6 32. f3 e4 33. dxe4 fxe4 34. c4 Ba6 35. Kf2 exf3 36. gxf3 Nd7 37. f4 d5 38. cxd5+ Kxd5 39. Ke3 Nf6 40. Nc1 Bc8 41. Ne2 Bxh3 42. Nc3+ Kc6 43. Nde4 Nxe4 44. Kxe4 Kd6 45. f5 Bf1 46. a4 h5 47. Kf4 Bd3 48. a5 h4 49. Kg4 Bxf5+ 50. Kxf5 h3 51. Ne4+ Kc6 52. Ke5 Kb5 53. Kd5 c4 54. a6 Kxa6 55. Kxc4 1/2-1/2

[Event "CZE-chT2C 1516"]
[Site "Czech Republic"]
[Date "2015.11.08"]
[Round "2.1"]
[White "Borkovec, Milan"]
[Black "Moravec, Vit"]
[Result "1/2-1/2"]
[WhiteElo "2226"]
[BlackElo "2193"]
[PlyCount "86"]
[EventDate "2015.10.18"]
[EventType "team-tourn"]
[EventRounds "11"]
[EventCountry "CZE"]
[SourceTitle "EXT 2022"]
[Source "ChessBase"]
[SourceDate "2021.10.06"]
[SourceVersion "1"]
[SourceVersionDate "2021.10.06"]
[SourceQuality "1"]
[WhiteTeam "Tabor"]
[BlackTeam "Kutna Hora"]
[WhiteTeamCountry "CZE"]
[BlackTeamCountry "CZE"]

1. e4 c5 2. Nf3 Nc6 3. d4 cxd4 4. Nxd4 g6 5. Nc3 Bg7 6. Be3 Nf6 7. Be2 0-0 8. 0-0 d5 9. exd5 Nxd5 10. Nxd5 Qxd5 11. Bf3 Qc4 12. Nxc6 bxc6 13. c3 Bf5 14. Qb3 Qa6 15. Bc5 Rab8 16. Qa3 Qxa3 17. Bxa3 Rfc8 18. Rfe1 Be6 19. Re4 Bd5 20. Rxe7 Bxf3 21. gxf3 Bf8 22. Rxa7 Bxa3 23. bxa3 Ra8 24. Rxa8 Rxa8 25. Kf1 Rxa3 26. Ke2 Kf8 27. Kd3 Ke7 28. Kc4 c5 29. Kxc5 Rxc3+ 30. Kb5 Ra3 31. Kb4 Rxf3 32. a4 Kd6 33. Ra2 Kc6 34. Rc2+ Kb6 35. a5+ Ka6 36. Rc6+ Kb7 37. Rc2 Rh3 38. Rd2 Rxh2 39. Rd7+ Kc6 40. Rxf7 Rh4+ 41. Kc3 Kb5 42. Ra7 Rh2 43. Kd3 Rxf2 1/2-1/2

[Event "CZE-chT1W 1516"]
[Site "Czech Republic"]
[Date "2015.10.11"]
[Round "1.4"]
[White "Haba, Zdenek"]
[Black "Moravec, Vit"]
[Result "1/2-1/2"]
[WhiteElo "2251"]
[BlackElo "2206"]
[PlyCount "49"]
[EventDate "2015.10.11"]
[EventType "team-tourn"]
[EventRounds "11"]
[EventCountry "CZE"]
[SourceTitle "CBM 169 Extra"]
[Source "ChessBase"]
[SourceDate "2015.12.18"]
[SourceVersion "1"]
[SourceVersionDate "2015.12.18"]
[SourceQuality "1"]
[WhiteTeam "Neratovice"]
[BlackTeam "Vlasim"]
[WhiteTeamCountry "CZE"]
[BlackTeamCountry "CZE"]

1. d4 Nf6 2. c4 e6 3. g3 d5 4. Bg2 c6 5. Nd2 Nbd7 6. Ngf3 Bd6 7. 0-0 0-0 8. Qc2 Re8 9. b3 e5 10. cxd5 cxd5 11. dxe5 Nxe5 12. Bb2 Bg4 13. Bxe5 Bxe5 14. Nxe5 Rxe5 15. Nf3 Bf5 16. Qb2 Re7 17. Rac1 Rc8 18. Rxc8 Qxc8 19. Rc1 Rc7 20. Rxc7 Qxc7 21. Nd4 Be4 22. e3 h5 23. h4 Qe5 24. Qc1 g6 25. Qc8+ 1/2-1/2